LIBRARY & INFORMATION CENTRE, KCAET, TAVANUR

ONLINE PUBLIC ACCESS CATALOGUE (OPAC)

Method of measurement of building and civil engineering work, IS 1200(Part X)-1973 / (Record no. 7900)

MARC details
000 -LEADER
fixed length control field 00703cam a2200157ua 4500
041 ## - LANGUAGE CODE
Language code of text/sound track or separate title eng
082 ## - DEWEY DECIMAL CLASSIFICATION NUMBER
Classification number 690.03
Item number BUR/ME
245 ## - TITLE STATEMENT
Title Method of measurement of building and civil engineering work, IS 1200(Part X)-1973 /
250 ## - EDITION STATEMENT
Edition statement 1 /
260 ## - PUBLICATION, DISTRIBUTION, ETC. (IMPRINT)
Place of publication :
Name of publisher Bureau of Indian Standards ,
Year of publication 1979.
300 ## - PHYSICAL DESCRIPTION
Number of Pages 5 ; .
942 ## - ADDED ENTRY ELEMENTS (KOHA)
Koha item type Books
Holdings
Withdrawn status Lost status Damaged status Home library Current library Date acquired Full call number Accession Number Koha item type
      KAUAET KAUAET 07/04/2012 690.03 17458 Standards
free website counter